000 00482cam a2200181 i 4500
003 NUST
008 760923s1976 nyua b 000 0 eng
010 _a 76046267
020 _a9780857295217
038 _akhadija
050 0 0 _aQA402
_b.S956
082 0 0 _a003.1
_bKEE
100 _aKarel J. Keesman
_981509
245 0 0 _aSystem identification
_bAn Introduction \
_cKeesman J. Karel
260 _aNew York :
_bAcademic Press,
_c1976.
563 _apaper back
942 _2ddc
_cBK
999 _c33006
_d33006